Teoría e historia del hombre artificial : (Registro nro. 252010)

Detalles MARC
000 -LEADER
fixed length control field 02490nam a2200493Ii 4500
001 - CONTROL NUMBER
control field DIGAKAL0344
003 - CONTROL NUMBER IDENTIFIER
control field NyNyDIG
006 - FIXED-LENGTH DATA ELEMENTS--ADDITIONAL MATERIAL CHARACTERISTICS
fixed length control field m o d
008 - FIXED-LENGTH DATA ELEMENTS--GENERAL INFORMATION
fixed length control field 190802s2017 sp ob 000 0 spa d
007 - PHYSICAL DESCRIPTION FIXED FIELD--GENERAL INFORMATION
fixed length control field cr |||||||||||
035 ## - SYSTEM CONTROL NUMBER
System control number (OCoLC)1111905435
040 ## - CATALOGING SOURCE
Original cataloging agency DGITA
Language of cataloging eng
Description conventions rda
-- pn
Transcribing agency DGITA
020 ## - INTERNATIONAL STANDARD BOOK NUMBER
International Standard Book Number 9788446044277
Qualifying information (eBook ;
-- ePub)
020 ## - INTERNATIONAL STANDARD BOOK NUMBER
International Standard Book Number 8446044277
Qualifying information (eBook ;
-- ePub)
020 ## - INTERNATIONAL STANDARD BOOK NUMBER
Canceled/invalid ISBN 9788446044260
020 ## - INTERNATIONAL STANDARD BOOK NUMBER
Canceled/invalid ISBN 8446044269
050 14 - LIBRARY OF CONGRESS CALL NUMBER
Classification number TJ211.15 ebook
082 04 - DEWEY DECIMAL CLASSIFICATION NUMBER
Classification number 629.892
100 1# - MAIN ENTRY--PERSONAL NAME
Personal name Alonso Burgos, Jesús,
Relator term author.
245 10 - TITLE STATEMENT
Title Teoría e historia del hombre artificial :
Remainder of title de autómatas, cyborgs, clones y otras criaturas /
Statement of responsibility, etc. Jesús Alonso Burgos.
264 #1 - PRODUCTION, PUBLICATION, DISTRIBUTION, MANUFACTURE, AND COPYRIGHT NOTICE
Place of production, publication, distribution, manufacture Tres Cantos, Madrid, España :
Name of producer, publisher, distributor, manufacturer Akal,
Date of production, publication, distribution, manufacture, or copyright notice [2017]
300 ## - PHYSICAL DESCRIPTION
Extent 1 online resource.
336 ## - CONTENT TYPE
Content type term text
Content type code txt
Source rdacontent
337 ## - MEDIA TYPE
Media type term computer
Media type code c
Source rdamedia
338 ## - CARRIER TYPE
Carrier type term online resource
Carrier type code cr
Source rdacarrier
347 ## - DIGITAL FILE CHARACTERISTICS
File type text file
Source rdaft
347 ## - DIGITAL FILE CHARACTERISTICS
Encoding format EPUB
490 1# - SERIES STATEMENT
Series statement Anverso
504 ## - BIBLIOGRAPHY, ETC. NOTE
Bibliography, etc. note Includes bibliographical references.
505 0# - FORMATTED CONTENTS NOTE
Formatted contents note Serie y mito -- Los trabajos, crímenes y fundaciones de Caín el asesino : un relato heroico sobre el origen de la cultura -- El viaje de Ulises por las islas : la terrible máquina geométrica del Sr. Descartes y la no menos terrible máquina de rezos del Sr. Pascal -- Triquiñuelas del historicismo : el malicioso enano teológico -- Metrópolis o la ciudad de la megamáquina : una cartografía onírica del Dr. Caligari -- La cifra de la vida : sobre la declinación de los nueve mil millones de nombres de Dios : monjes o bucles extraños -- El paraíso de los bienaventurados : inmortales, clones, cyborgs, óvulos alfa -- El científico como demiurgo : Frankenstein o el Prometeo de los tiempos modernos.
588 0# - SOURCE OF DESCRIPTION NOTE
Source of description note Online resource; title from ePub title page (Digitalia, viewed August 10, 2019)
650 #0 - SUBJECT ADDED ENTRY--TOPICAL TERM
Topical term or geographic name entry element Robots.
650 #0 - SUBJECT ADDED ENTRY--TOPICAL TERM
Topical term or geographic name entry element Robots
General subdivision Moral and ethical aspects.
650 #0 - SUBJECT ADDED ENTRY--TOPICAL TERM
Topical term or geographic name entry element Robots in literature.
650 #0 - SUBJECT ADDED ENTRY--TOPICAL TERM
Topical term or geographic name entry element Robots in motion pictures.
655 #0 - INDEX TERM--GENRE/FORM
Genre/form data or focus term Electronic books.
791 2# -
-- Digitalia (Firm),
-- distributor.
793 0# -
-- Digitalia eBook Collection:
-- Akal
776 08 - ADDITIONAL PHYSICAL FORM ENTRY
Relationship information Print version:
Main entry heading Alonso Burgos, Jesús.
Title Teoría e historia del hombre artificial.
Place, publisher, and date of publication Tres Cantos, Madrid, España : Akal, [2017]
International Standard Book Number 9788446044260
Record control number (OCoLC)987635622
830 #0 - SERIES ADDED ENTRY--UNIFORM TITLE
Uniform title Akal anverso.
856 40 - ELECTRONIC LOCATION AND ACCESS
Materials specified Digitalia Hispánica
Uniform Resource Identifier <a href="https://www.digitaliapublishing.com/a/50835/">https://www.digitaliapublishing.com/a/50835/</a>
910 ## - USER-OPTION DATA (OCLC)
User-option data Premium collection: 2019
942 ## - ADDED ENTRY ELEMENTS (KOHA)
Koha item type Recurso Electrónico
Existencias
Withdrawn status Lost status Damaged status Not for loan Collection Home library Current library Date acquired Total checkouts Date last seen Price effective from Koha item type
        Digitalia Ebooks Hispanica Biblioteca Digital UIN Biblioteca Digital UIN 04/25/2025   04/25/2025 04/25/2025 Recurso Electrónico

CONTACTO


NOSOTROS


SITIOS DE INTERES

coordinacion.biblioteca.biblioteca@unienlinea.mx Misión, Visión y Objetivos Bases de datos
Directorio Bibliotecas Digitales y Repositorios
Normatividad Revistas y artículos
Convenios interbibliotecarios
Boletines



Hecho en México. Universidad Insurgentes (UIN). Todos los derechos reservados 2024. Esta página y sus contenidos pueden ser reproducidos con fines no lucrativos, siempre y cuando no se mutile, se cite la fuente completa y su dirección electrónicas. De otra forma requiere permiso previo por escrito de la institución




2024 Copyright Universidad Insurgentes | www.bibliouin.com.mx